| 000 | 00664nam a2200193Ia 4500 | ||
|---|---|---|---|
| 003 | GCL | ||
| 008 | 140319s9999 xx 000 0 ara d | ||
| 040 |
_aGCL / _cGCL |
||
| 082 | 0 | 4 |
_a352.29 _bهـ و |
| 100 | 1 | _aهانى نسيرة | |
| 245 | 1 | 0 |
_aوزارة الثقافة / _cهانى نسيرة |
| 260 |
_aالقاهرة : _bمركز الدراسات السياسية والاستراتيجية - الأهرام ، _c2003 |
||
| 300 |
_a118 ص ؛ _c20 سم |
||
| 490 |
_aسلسلة الوزارات المصرية _v0 |
||
| 650 | 0 | 4 | _aالوزارات |
| 650 | 0 | 4 | _aالوزارات - مصر |
| 650 | 0 | 4 | _aوزارة الثقافة - مصر |
| 942 |
_2ddc _cBK |
||
| 999 |
_c8162 _d8162 |
||